[Event "Challenge"]
[Site "http://www.queenalice.com/game.php?id=303076"]
[Date "2007.11.13"]
[Round "-"]
[White "maiamaia"]
[Black "BrunoBr"]
[Result "0-1"]
[WhiteElo "1100"]
[BlackElo "1721"]

1. b4 e5 2. Ba3 d5 3. g3 Nf6 4. Nf3 Bd6 5. d3 O-O 6. h3 Nbd7 7. g4 Re8 8. Nc3
Nf8 9. Rb1 c6 10. Bc1 a5 11. a3 axb4 12. axb4 Qe7 13. b5 Bb4 14. Rxb4 Qxb4 15.
Bd2 Qd6 16. g5 N6d7 17. d4 Ne6 18. dxe5 Nxe5 19. Be3 Nxf3+ 20. exf3 Nxg5 21. Bg2
Qf4 22. O-O Rxe3 23. fxe3 Qxe3+ 24. Kh1 Qxc3 25. f4 Nxh3 26. f5 Bxf5 27. bxc6
bxc6 28. Qe1 Qxe1 29. Rxe1 Nf4 30. Bf1 h6 31. Ba6 Rxa6 32. Re8+ Kh7 33. Rh8+
Kxh8 34. c4 dxc4 35. Kh2 c3 0-1

[Event "jogando de jogar xadrez 3"]
[Site "http://www.queenalice.com/game.php?id=303093"]
[Date "2007.11.14"]
[Round "-"]
[White "jw16js"]
[Black "maiamaia"]
[Result "1-0"]
[WhiteElo "1483"]
[BlackElo "910"]

1. g3 e5 2. Bg2 c6 3. e4 f6 4. Qf3 g6 5. h4 d6 6. Qb3 Ne7 7. Nc3 Bh6 8. a4 Bg4
9. f3 Be6 10. Qxe6 Na6 11. Nge2 Nb4 12. O-O Nxc2 13. Rb1 Qb6+ 14. Kh2 g5 15.
Qxf6 Qc7 16. Qxh8+ Bf8 17. Qxh7 d5 18. exd5 cxd5 19. Qxc2 1-0

[Event "Challenge"]
[Site "http://www.queenalice.com/game.php?id=303417"]
[Date "2007.11.13"]
[Round "-"]
[White "maiamaia"]
[Black "BrunoBr"]
[Result "1/2-1/2"]
[WhiteElo "970"]
[BlackElo "1716"]

1. Nf3 e6 2. Na3 Nf6 3. d3 b6 4. e4 d5 5. Bf4 Be7 6. Nd4 dxe4 7. f3 exf3 8. gxf3
Qxd4 9. Nc4 Qxf4 10. Qd2 Qxd2+ 11. Kxd2 Bb7 12. Be2 O-O 13. d4 Nc6 14. c3 Rad8
15. f4 Ne4+ 16. Kc2 Rd5 17. Bf3 f5 18. Rhe1 Nxd4+ 19. cxd4 Rxd4 20. Rxe4 Bxe4+
21. Bxe4 Rxc4+ 22. Kd3 b5 23. Bf3 Rxf4 24. Bh5 g6 25. Rg1 Kh8 26. Bd1 c5 27. b3
Rd8+ 28. Kc2 a5 29. Kb1 Rfd4 30. Bc2 e5 31. Re1 e4 32. h4 Bxh4 33. Rh1 e3 34.
Rh2 Re8 35. a4 e2 36. Rxe2 Rxe2 37. Kb2 bxa4 38. bxa4 Rxa4 39. Kb3 Rb4+ 40. Ka3
Rxc2 1/2-1/2

[Event "Challenge"]
[Site "http://www.queenalice.com/game.php?id=303418"]
[Date "2007.11.13"]
[Round "-"]
[White "BrunoBr"]
[Black "maiamaia"]
[Result "1-0"]
[WhiteElo "1716"]
[BlackElo "970"]

1. d4 h6 2. e4 a6 3. f4 Nf6 4. Nc3 e6 5. Nf3 d6 6. Bd3 Nc6 7. O-O Ng4 8. h3 Nf6
9. Re1 b5 10. a4 b4 11. Ne2 Rg8 12. c3 g5 13. fxg5 hxg5 14. Bxg5 Rg6 15. e5 dxe5
16. Bxf6 Rxf6 17. dxe5 Bc5+ 18. Kh1 Rg6 19. Bxg6 fxg6 20. Nf4 Ne7 21. Qxd8+ Kxd8
22. Rad1+ Ke8 23. Ng5 bxc3 24. bxc3 Rb8 25. Nfxe6 Rb2 26. Nxc7+ Kf8 27. Rd8+ Kg7
28. e6 Bb7 29. Ne8+ Kg8 30. Nd6+ Kg7 31. Nxb7 Rxb7 32. Rf1 Kh6 33. Nf3 Nc6 34.
Rdd1 Rb3 35. c4 Rc3 36. Rc1 Ra3 37. Rfe1 Rxa4 38. Re2 g5 39. Rd1 Rxc4 40. Rde1
Rf4 41. e7 Nxe7 42. Rxe7 Bxe7 43. Rxe7 g4 44. hxg4 Rxg4 45. Re6+ Kh5 46. Rxa6
Rg3 47. Kh2 Rg4 48. Ra5+ Kh6 49. Kh3 Rg5 50. Rxg5 Kh7 51. Kh4 Kh6 52. Nd4 1-0

[Event "Let's Play Chess!"]
[Site "http://www.queenalice.com/game.php?id=303549"]
[Date "2007.11.14"]
[Round "-"]
[White "BarnabyJockers"]
[Black "maiamaia"]
[Result "1-0"]
[WhiteElo "1623"]
[BlackElo "943"]

1. e4 b6 2. Nf3 Bb7 3. Nc3 Nf6 4. d4 e6 5. Bd3 Bd6 6. e5 c5 7. exd6 cxd4 8. Nb5
Nd5 9. Be4 O-O 10. Bxd5 exd5 11. Nc7 Re8+ 12. Nxe8 Qxe8+ 13. Qe2 Nc6 14. Bf4 Nb4
15. Nxd4 Qe4 16. Qxe4 dxe4 17. O-O Nd5 18. Bg3 Nb4 19. c3 Nd3 20. b3 Rc8 21. c4
a5 22. a3 Rc5 23. a4 Rg5 24. Rad1 e3 25. Rxd3 exf2+ 26. Rxf2 1-0

[Event "AUTO-OPEN-901"]
[Site "http://www.queenalice.com/game.php?id=303729"]
[Date "2007.11.14"]
[Round "1"]
[White "ayrton"]
[Black "maiamaia"]
[Result "1-0"]
[WhiteElo "1881"]
[BlackElo "970"]

1. e4 e5 2. Nf3 Nf6 3. Nxe5 Nxe4 4. Qe2 d6 5. Nxf7 Kxf7 6. Qxe4 d5 7. Qf4+ Qf6
8. Qxc7+ Bd7 9. Qxb7 Nc6 10. Qxd7+ Ne7 11. Bb5 a6 12. Ba4 Qe6+ 13. Qxe6+ Kxe6
14. O-O Rc8 15. Re1+ Kf7 16. c3 Nc6 17. d3 Bc5 18. Be3 Rhe8 19. Nd2 d4 20. cxd4
Nxd4 21. Bxe8+ Kxe8 22. Bxd4+ Be7 23. Bxg7 Rc2 24. Nf3 Rxb2 25. Bxb2 a5 26. Bf6
a4 27. Bxe7 a3 28. Bxa3+ 1-0

[Event "AUTO-OPEN-901"]
[Site "http://www.queenalice.com/game.php?id=303730"]
[Date "2007.11.14"]
[Round "1"]
[White "maiamaia"]
[Black "ayrton"]
[Result "0-1"]
[WhiteElo "970"]
[BlackElo "1879"]

1. e4 e5 2. d3 Nf6 3. Nf3 Nc6 4. Nc3 d6 5. Be3 Bg4 6. h4 Qe7 7. g3 a6 8. a4 Nd4
9. Bxd4 exd4 10. Ne2 Bxf3 11. Ra3 Bxh1 12. Nxd4 g6 13. Rb3 c5 14. Ne2 Bf3 15. d4
Rd8 16. Rxf3 Nxe4 17. c4 Bh6 18. Re3 Bxe3 19. fxe3 O-O 20. Nf4 Nxg3 21. Bh3
Qxe3+ 22. Ne2 Nxe2 23. dxc5 Nc3+ 24. Kf1 Qxh3+ 25. Ke1 Qe3+ 26. Kf1 Nxd1 0-1

[Event "AUTO-OPEN-901"]
[Site "http://www.queenalice.com/game.php?id=303775"]
[Date "2007.11.14"]
[Round "1"]
[White "RB6"]
[Black "maiamaia"]
[Result "1-0"]
[WhiteElo "1134"]
[BlackElo "943"]

1. d4 e6 2. e3 Bb4+ 3. c3 Ba5 4. Bd3 Nf6 5. f4 Nh5 6. Nf3 d5 7. Qa4+ c6 8. Nbd2
Na6 9. O-O f5 10. Bxa6 bxa6 11. Qxc6+ 1-0

[Event "AUTO-OPEN-901"]
[Site "http://www.queenalice.com/game.php?id=303776"]
[Date "2007.11.14"]
[Round "1"]
[White "maiamaia"]
[Black "RB6"]
[Result "0-1"]
[WhiteElo "929"]
[BlackElo "1157"]

1. e4 d5 2. exd5 e6 3. dxe6 fxe6 4. Qh5+ g6 5. Qe5 Bd6 6. Qxh8 h5 7. Qxg8+ Bf8
8. d4 Qxd4 9. h4 Qb4+ 10. Nd2 Qg4 11. Ngf3 c6 0-1

[Event "sdasdasd"]
[Site "http://www.queenalice.com/game.php?id=304629"]
[Date "2007.11.15"]
[Round "-"]
[White "maiamaia"]
[Black "BrunoBr"]
[Result "0-1"]
[WhiteElo "970"]
[BlackElo "1716"]

1. e4 e6 2. Nc3 d5 3. Nb5 a6 4. Nc3 Nf6 5. d3 c5 6. g3 Be7 7. f4 Nc6 8. exd5
exd5 9. b3 O-O 10. f5 Bxf5 11. Bh3 Bxh3 12. Nxh3 Qd7 13. Nf4 Rfe8 14. Be3 Bd6
15. d4 Rxe3+ 16. Nce2 Rae8 17. Rf1 Qe7 18. dxc5 Bxf4 19. Rxf4 Rxe2+ 20. Qxe2
Qxe2# 0-1